[Event "Morbihan-ch 0506"]
[Site "Arradon"]
[Date "2006.02.11"]
[Round "5"]
[White "Mermet, Michel"]
[Black "Nestour, Bernard"]
[Result "0-1"]
[WhiteElo "1210"]
[BlackElo "1499"]
[PlyCount "52"]
[EventDate "2005.10.01"]
[EventType "swiss"]
[EventRounds "7"]
[EventCountry "FRA"]
[SourceTitle "EXT 2007"]
[Source "ChessBase"]
[SourceDate "2006.11.23"]
[SourceVersion "1"]
[SourceVersionDate "2006.11.23"]
[SourceQuality "1"]

1. d4 d5 2. c4 c6 3. e3 Nf6 4. Nf3 Bg4 5. Nc3 e6 6. Bd2 h6 7. Be2 Bd6 8. 0-0 0-0 9. Qb3 Qc7 10. g3 Nbd7 11. Rfe1 Rae8 12. cxd5 exd5 13. Rac1 Ne4 14. Nxe4 Rxe4 15. Bd3 Bxf3 16. Bxe4 Bxe4 17. Qd1 Nf6 18. a3 Qd7 19. f3 Bg6 20. f4 Be4 21. Qa4 Qh3 22. Re2 Ng4 23. Qxa7 Bf3 24. Rf2 Nxf2 25. Kxf2 Qg2+ 26. Ke1 Qe2# 0-1

[Event "Morbihan-ch 0405"]
[Site "Arradon"]
[Date "2004.11.20"]
[Round "2"]
[White "Rivalin, Patrick"]
[Black "Mermet, Michel"]
[Result "1-0"]
[WhiteElo "1450"]
[BlackElo "1250"]
[PlyCount "55"]
[EventDate "2004.10.10"]
[EventType "swiss"]
[EventRounds "7"]
[EventCountry "FRA"]
[SourceTitle "EXT 2007"]
[Source "ChessBase"]
[SourceDate "2006.11.23"]
[SourceVersion "1"]
[SourceVersionDate "2006.11.23"]
[SourceQuality "1"]

1. d4 e6 2. Nc3 d5 3. Bf4 Bd7 4. e3 c5 5. Bb5 Nc6 6. Nf3 Qb6 7. 0-0 cxd4 8. exd4 Nf6 9. Re1 Bb4 10. Rb1 0-0 11. Qd3 Rac8 12. a3 Bxc3 13. bxc3 Qa5 14. c4 a6 15. Bxc6 bxc6 16. c5 Rfe8 17. Rb7 Red8 18. Bc7 Qa4 19. Rb3 Qb5 20. Rxb5 cxb5 21. Bxd8 Rxd8 22. Qd2 Ra8 23. Qa5 g6 24. Qc7 a5 25. Ne5 Ne8 26. Qxd7 b4 27. Qxf7+ Kh8 28. Qf8# 1-0